Cartography : (Record no. 12772)

000 -LEADER
fixed length control field 00472pam a2200169 a 4500
020 ## - INTERNATIONAL STANDARD BOOK NUMBER
ISBN 0697384950 (acidfree paper)
040 ## - CATALOGING SOURCE
Transcribing agency DLC
082 00 - DEWEY DECIMAL CLASSIFICATION NUMBER
Classification number 526 WCB 1999 A028 Or.
100 1# - MAIN ENTRY--AUTHOR NAME
Personal name Dent, Borden D.
245 10 - TITLE STATEMENT
Title Cartography :
Remainder of title thematic map design /
250 ## - EDITION STATEMENT
Edition statement 5th ed.
260 ## - PUBLICATION, DISTRIBUTION, ETC. (IMPRINT)
Place of publication Boston :
Name of publisher WCB/McGraw-Hill,
Year of publication c1999.
300 ## - PHYSICAL DESCRIPTION
Number of Pages xiv, 417 p. :
Other physical details ill. (some col.), maps (some col.) ;
Dimensions 29 cm.
650 #0 - SUBJECT ADDED ENTRY--TOPICAL TERM
Topical Term Cartography.
650 #0 - SUBJECT ADDED ENTRY--TOPICAL TERM
Topical Term Thematic maps.
942 ## - ADDED ENTRY ELEMENTS (KOHA)
Koha item type សៀវភៅភាសាអង់គ្លេស
952 ## - LOCATION AND ITEM INFORMATION (KOHA)
Withdrawn status [LOCAL, KOHA] 0
Holdings
Permanent Location Date acquired Koha item type Lost status Shelving location Barcode Current Location Full call number
Library Block A2017-08-16សៀវភៅភាសាអង់គ្លេស A028A16938Library Block A526 WCB 1999 A028 Or.
មជ្ឈមណ្ឌលឯការនៃសាកលវិទ្យាល័យភូមិន្ទកសិកម្មចំការដូង

Powered by Koha